[Event "Ceske Budejovice op-B"]
[Site "Ceske Budejovice"]
[Date "2023.07.09"]
[Round "9"]
[White "Hajek, Jiri1111"]
[Black "Matlocha, Lubomir"]
[Result "1-0"]
[WhiteElo "1692"]
[BlackElo "1660"]
[PlyCount "105"]
[EventDate "2023.07.01"]
[EventType "swiss"]
[EventRounds "9"]
[EventCountry "CZE"]
[SourceTitle "EXT 2024"]
[Source "ChessBase"]
[SourceDate "2023.10.10"]
[SourceVersion "1"]
[SourceVersionDate "2023.10.10"]
[SourceQuality "1"]

1. e4 c6 2. d4 d5 3. Nc3 dxe4 4. Nxe4 g6 5. Nf3 Bg7 6. Bc4 Nf6 7. Nxf6+ Bxf6 8. Bh6 Qa5+ 9. c3 Qh5 10. Qd2 Bg4 11. Be2 Nd7 12. Bf4 Qa5 13. h3 Bxf3 14. Bxf3 Rd8 15. b4 Qb6 16. Qe2 0-0 17. 0-0 Rfe8 18. Qc2 e5 19. dxe5 Bxe5 20. Be3 Qc7 21. Rad1 a6 22. Bg5 Rb8 23. Rd3 Nb6 24. Rfd1 Bf4 25. Bf6 Be5 26. Bh4 h6 27. a4 g5 28. a5 Nd5 29. Bg3 Nf6 30. Bxe5 Rxe5 31. Qd2 Rbe8 32. Kf1 Kg7 33. Rd6 Nd5 34. Rxd5 cxd5 35. Bxd5 Qe7 36. c4 Kg8 37. g3 Qf6 38. Bxb7 Re2 39. Qd4 Qe7 40. Bxa6 Qxb4 41. Bb5 Re1+ 42. Kg2 Rxd1 43. Qxd1 Re1 44. Qd8+ Kg7 45. Qd4+ Kg8 46. a6 Qb1 47. a7 Rg1+ 48. Kf3 Qf5+ 49. Ke2 Qc2+ 50. Ke3 Qc1+ 51. Kf3 Qa3+ 52. Qe3 Qxe3+ 53. Kxe3 1-0

[Event "Ceske Budejovice op-B"]
[Site "Ceske Budejovice"]
[Date "2023.07.07"]
[Round "7"]
[White "Svoboda, Marek"]
[Black "Matlocha, Lubomir"]
[Result "0-1"]
[WhiteElo "1590"]
[BlackElo "1660"]
[PlyCount "104"]
[EventDate "2023.07.01"]
[EventType "swiss"]
[EventRounds "9"]
[EventCountry "CZE"]
[SourceTitle "EXT 2024"]
[Source "ChessBase"]
[SourceDate "2023.10.10"]
[SourceVersion "1"]
[SourceVersionDate "2023.10.10"]
[SourceQuality "1"]

1. d4 c6 2. c4 g6 3. e4 d6 4. Nc3 Bg7 5. Be2 Nd7 6. Nf3 e6 7. Be3 a6 8. a4 Ne7 9. 0-0 0-0 10. Qd2 d5 11. Bh6 dxe4 12. Bxg7 Kxg7 13. Nxe4 Nf6 14. Nxf6 Kxf6 15. Rad1 Kg7 16. Qc3 f6 17. Rfe1 Qc7 18. Bf1 Bd7 19. g3 Rae8 20. Bh3 Ng8 21. Nd2 Re7 22. Ne4 Rfe8 23. Nc5 Bc8 24. Nd3 Kf7 25. f4 Nh6 26. Rd2 Nf5 27. Rde2 Ng7 28. Nf2 h5 29. Ne4 Qb8 30. c5 Rd8 31. Nd6+ Rxd6 32. cxd6 Qxd6 33. b4 f5 34. Qc5 Qd7 35. a5 Ne8 36. Bg2 Nc7 37. h4 Qd8 38. Kf2 Nb5 39. d5 cxd5 40. Bxd5 Rc7 41. Bxe6+ Bxe6 42. Qb6 Qd4+ 43. Qxd4 Nxd4 44. Rd2 Rc4 45. Red1 Nc6 46. Rb2 Ke7 47. Ra1 Kd6 48. b5 axb5 49. Rxb5 Bc8 50. Rd1+ Rd4 51. Rc1 Ra4 52. Rcc5 Be6 0-1

[Event "Ceske Budejovice op-B"]
[Site "Ceske Budejovice"]
[Date "2023.07.04"]
[Round "4"]
[White "Matlocha, Lubomir"]
[Black "Barta, David"]
[Result "0-1"]
[WhiteElo "1660"]
[BlackElo "1463"]
[PlyCount "120"]
[EventDate "2023.07.01"]
[EventType "swiss"]
[EventRounds "9"]
[EventCountry "CZE"]
[SourceTitle "EXT 2024"]
[Source "ChessBase"]
[SourceDate "2023.10.10"]
[SourceVersion "1"]
[SourceVersionDate "2023.10.10"]
[SourceQuality "1"]

1. c4 Nf6 2. Nc3 e6 3. g3 d5 4. e3 dxc4 5. Bxc4 Nd5 6. Nge2 Nb6 7. Bb3 e5 8. d4 Nc6 9. d5 Na5 10. 0-0 Bh3 11. Re1 Qd7 12. Ba4 Nxa4 13. Qxa4 Qxa4 14. Nxa4 e4 15. Nac3 Bb4 16. b3 0-0-0 17. Bb2 Rhe8 18. Rec1 a6 19. Rc2 b6 20. Rac1 Nb7 21. Na4 Nc5 22. Nxc5 Bxc5 23. b4 Bd6 24. a4 Bd7 25. b5 axb5 26. Nd4 bxa4 27. Nc6 Bxc6 28. dxc6 Be5 29. Ba3 Rd3 30. Ra2 Red8 31. Kg2 Rd2 32. Rac2 Rxc2 33. Rxc2 Rd5 34. Rc4 f5 35. Rxa4 Ra5 36. Rxa5 bxa5 37. f3 exf3+ 38. Kxf3 Kd8 39. e4 g6 40. exf5 gxf5 41. h3 h5 42. g4 hxg4+ 43. hxg4 fxg4+ 44. Kxg4 Bd6 45. Bb2 Ke7 46. Kf5 a4 47. Bf6+ Kf7 48. Ba1 a3 49. Ke4 Ke6 50. Kd3 Be5 51. Bxe5 Kxe5 52. Kc2 Kd5 53. Kb3 Kxc6 54. Kxa3 Kd5 55. Kb3 Kd4 56. Kc2 Kc4 57. Kc1 Kc3 58. Kd1 c5 59. Kc1 c4 60. Kb1 Kd2 0-1

[Event "Ceske Budejovice op-B"]
[Site "Ceske Budejovice"]
[Date "2022.07.06"]
[Round "6"]
[White "Matlocha, Lubomir"]
[Black "Garabik, Marek"]
[Result "1-0"]
[WhiteElo "1650"]
[BlackElo "1413"]
[PlyCount "76"]
[EventDate "2022.07.01"]
[EventType "swiss"]
[EventRounds "9"]
[EventCountry "CZE"]
[SourceTitle "EXT 2023"]
[Source "ChessBase"]
[SourceDate "2022.10.05"]
[SourceVersion "1"]
[SourceVersionDate "2022.10.05"]
[SourceQuality "1"]

1. c4 Nf6 2. Nc3 e5 3. g3 d5 4. cxd5 Nxd5 5. Bg2 Be6 6. Nf3 Nc6 7. 0-0 f6 8. d3 Bb4 9. Ne4 Qd7 10. a3 Be7 11. b4 0-0 12. Qc2 a5 13. Nc5 Bxc5 14. bxc5 b5 15. cxb6 cxb6 16. Rb1 Rfc8 17. Qb2 Rab8 18. e4 Nc7 19. Rd1 b5 20. d4 exd4 21. Nxd4 b4 22. a4 Nxd4 23. Be3 Qxa4 24. Bxd4 Qa2 25. Qc1 Nb5 26. Qe3 Nxd4 27. Qxd4 Qc4 28. Qe3 Qc5 29. Qf4 Qe5 30. Qe3 b3 31. f4 Qc5 32. Qxc5 Rxc5 33. Rd6 Kf7 34. f5 b2 35. fxe6+ Ke7 36. Rd7+ Kxe6 37. Bh3+ Ke5 38. Rbd1 b1Q 1-0

[Event "Ceske Budejovice op-B"]
[Site "Ceske Budejovice"]
[Date "2022.07.04"]
[Round "4"]
[White "Aisha, Mohamed Al Muaini"]
[Black "Matlocha, Lubomir"]
[Result "1-0"]
[WhiteElo "1240"]
[BlackElo "1650"]
[PlyCount "101"]
[EventDate "2022.07.01"]
[EventType "swiss"]
[EventRounds "9"]
[EventCountry "CZE"]
[SourceTitle "EXT 2023"]
[Source "ChessBase"]
[SourceDate "2022.10.05"]
[SourceVersion "1"]
[SourceVersionDate "2022.10.05"]
[SourceQuality "1"]

1. e4 c5 2. Nf3 d6 3. d3 Nc6 4. g3 g6 5. Bg2 Bg7 6. 0-0 Nf6 7. c3 0-0 8. h3 Bd7 9. Na3 a6 10. Re1 e5 11. Nc2 Re8 12. Be3 b6 13. Qd2 Qc7 14. Bh6 Bh8 15. Nh4 Ra7 16. Kh2 Nd8 17. f4 exf4 18. Qxf4 Nh5 19. Qf2 Ne6 20. Ne3 Be5 21. Nf1 Qd8 22. Nf3 Qf6 23. Be3 Qg7 24. Nxe5 dxe5 25. Bd2 Bb5 26. c4 Bc6 27. Ne3 Nd4 28. Bc3 Qf6 29. Qxf6 Nxf6 30. Bxd4 cxd4 31. Nd5 Bxd5 32. exd5 a5 33. b3 Nd7 34. g4 Nc5 35. Be4 Rf8 36. Rf1 Rd7 37. Rf6 Rb8 38. Rc6 Kg7 39. Rf1 Rbb7 40. Kg3 h6 41. Rff6 Nxe4+ 42. dxe4 b5 43. c5 Rbc7 44. Rxc7 Rxc7 45. Rc6 Rd7 46. Rb6 f5 47. gxf5 gxf5 48. c6 Rf7 49. Rb7 fxe4 50. Rxf7+ Kxf7 51. c7 1-0

[Event "Ceske Budejovice op-B"]
[Site "Ceske Budejovice"]
[Date "2022.07.03"]
[Round "3"]
[White "Matlocha, Lubomir"]
[Black "Smola, Jan1111"]
[Result "1/2-1/2"]
[WhiteElo "1650"]
[BlackElo "1388"]
[PlyCount "80"]
[EventDate "2022.07.01"]
[EventType "swiss"]
[EventRounds "9"]
[EventCountry "CZE"]
[SourceTitle "EXT 2023"]
[Source "ChessBase"]
[SourceDate "2022.10.05"]
[SourceVersion "1"]
[SourceVersionDate "2022.10.05"]
[SourceQuality "1"]

1. d4 d5 2. Nf3 Nf6 3. Bf4 Bf5 4. e3 e6 5. h3 Bd6 6. Bxd6 Qxd6 7. b3 0-0 8. Bd3 Be4 9. 0-0 Nc6 10. Bxe4 Nxe4 11. Nfd2 Nf6 12. c4 b6 13. Nc3 Rfe8 14. f4 Rac8 15. Rc1 Nb4 16. Nb5 Qd7 17. Nf3 c6 18. Ne5 Qe7 19. Nc3 Nd7 20. Nxd7 Qxd7 21. a3 Na6 22. Qd3 Nb8 23. Nd1 c5 24. Nf2 f5 25. Qd1 cxd4 26. Qxd4 Nc6 27. Qc3 e5 28. Rcd1 d4 29. exd4 exd4 30. Qc2 Re7 31. Rde1 Rce8 32. Nd3 Re3 33. Rxe3 dxe3 34. Re1 Nd4 35. Qc3 e2 36. c5 bxc5 37. Qc4+ Kh8 38. Ne5 Qe7 39. Nf7+ Kg8 40. Nd6+ Kh8 1/2-1/2

[Event "Ceske Budejovice op-B"]
[Site "Ceske Budejovice"]
[Date "2020.07.09"]
[Round "9"]
[White "Matlocha, Lubomir"]
[Black "Strapec, Lukas"]
[Result "1-0"]
[WhiteElo "1646"]
[BlackElo "1525"]
[PlyCount "77"]
[EventDate "2020.07.01"]
[EventType "swiss"]
[EventRounds "9"]
[EventCountry "CZE"]
[SourceTitle "CBM 197 Extra"]
[Source "ChessBase"]
[SourceDate "2020.09.30"]
[SourceVersion "1"]
[SourceVersionDate "2020.09.30"]
[SourceQuality "1"]

1. d4 b6 2. e4 Bb7 3. Nc3 e6 4. a3 Nf6 5. Bd3 Be7 6. Nge2 0-0 7. 0-0 c5 8. e5 Nd5 9. Nxd5 Bxd5 10. c4 Bb7 11. Qc2 h6 12. Be3 cxd4 13. Bxd4 Nc6 14. Bc3 Qc7 15. Be4 Rab8 16. f4 b5 17. b4 bxc4 18. Rf3 f5 19. exf6 Bxf6 20. Rg3 Ne7 21. Bxf6 Rxf6 22. Qc3 Rf7 23. Bg6 Nxg6 24. Rxg6 Rbf8 25. Rf1 Rf6 26. Rg4 e5 27. f5 Rxf5 28. Rxf5 Rxf5 29. h3 d5 30. Ng3 d4 31. Qd2 Rf6 32. Nh5 Rd6 33. Qe2 g5 34. Qxe5 Rc6 35. Qe8+ Kh7 36. Rxd4 Bc8 37. Rd8 Qb6+ 38. Kh1 Rg6 39. Qh8# 1-0

[Event "Ceske Budejovice op-B"]
[Site "Ceske Budejovice"]
[Date "2020.07.04"]
[Round "4"]
[White "Straka, Zdenek"]
[Black "Matlocha, Lubomir"]
[Result "1/2-1/2"]
[WhiteElo "1812"]
[BlackElo "1646"]
[PlyCount "88"]
[EventDate "2020.07.01"]
[EventType "swiss"]
[EventRounds "9"]
[EventCountry "CZE"]
[SourceTitle "CBM 197 Extra"]
[Source "ChessBase"]
[SourceDate "2020.09.30"]
[SourceVersion "1"]
[SourceVersionDate "2020.09.30"]
[SourceQuality "1"]

1. d4 d5 2. Bf4 e6 3. e3 Nc6 4. Nf3 Bd6 5. Bg3 Bxg3 6. hxg3 Qe7 7. c3 Bd7 8. Nbd2 a6 9. Qc2 h6 10. 0-0-0 Nf6 11. Bd3 0-0-0 12. Kb1 e5 13. Nxe5 Nxe5 14. dxe5 Qxe5 15. Nb3 Ba4 16. Qe2 Rd6 17. Rc1 Bxb3 18. axb3 Rb6 19. Qc2 Kb8 20. Rh4 c5 21. Rf4 Rd8 22. Rd1 Qe7 23. Ka1 Rbd6 24. b4 c4 25. Be2 g5 26. Rfd4 b5 27. Bf3 Qe6 28. Qe2 Ne4 29. Bxe4 dxe4 30. Rxd6 Rxd6 31. Rd4 Rxd4 32. exd4 f5 33. Kb1 Kc7 34. Kc2 Kd6 35. Qe3 Kd5 36. Kd2 Qd6 37. Ke2 Qg6 38. Kf1 Qh5 39. f3 Qh1+ 40. Kf2 Qb1 41. Qd2 exf3 42. gxf3 Qh1 43. Qe1 Qh2+ 44. Kf1 Qh1+ 1/2-1/2